Statistics for Hard Agents of SHIELD Quiz

Click here to take the quiz!

General Stats

  • This quiz has been taken 503 times
    (335 since last reset)
  • The average score is 26 of 65

Answer Stats

HintAnswer% Correct
The CavalryMelinda May
90%
Skye's real nameDaisy
84%
It's a magical placeT.A.H.I.T.I.
80%
Fitz's first nameLeopold
79%
Science coupleFitzsimmons
78%
Real name of 'Flowers'Raina
77%
Mike Peterson's new aliasDeathlok
70%
What SHIELD calls an 'artifact of unknown or alien origin'0-8-4
69%
Electrical InhumanLincoln Campbell
68%
SHIELD paralysis gunsICErs
67%
Skye's dad's new jobVet
67%
Teleporting InhumanGordon
65%
Asgardian allyLady Sif
65%
How many Koenigs are there?Unknown
65%
Face-changing Hydra agentKara Palamas
59%
Fitz's favourite animalMonkey
59%
Mack's nickname for SkyeTremors
59%
Howling Commando's descendantAntoine Triplett
58%
Fitz's flying robotsD.W.A.R.F.S.
57%
Businessman who owns GravitoniumIan Quinn
57%
Name of the place where the Inhumans liveAfterlife
56%
SHIELD Acronym's meaningStrategic Homeland Intervention Enforcement and Logistics Division
56%
Mack's go-to weaponAxe
55%
SHIELD's psychologistAndrew Garner
52%
"Discovery requires experimentation"Dr Daniel Whitehall
52%
Skye's mumJiaying
51%
SHIELD prison and storage facilityThe Fridge
45%
The Hub directorVictoria Hand
44%
Giant, spiky InhumanLash
42%
"I'm the man that kills ^"Alphonso Mackenzie
41%
ATCU headRosalind Price
41%
Von Strucker's sonWerner Von Strucker
41%
Mockingbird's actressAdrianne Palicki
37%
Other name for the ObeliskDiviner
36%
Leader of the other SHIELDRobert Gonzales
36%
Grant's senator brotherChristian Ward
35%
Chan Ho Yin's superhero nameScorch
34%
Asgardian who seduces WardLorelei
33%
Actor for KoenigsPatton Oswalt
31%
SHIELD Academy directorAnne Weaver
30%
"Happy to comply"Sunil Bakshi
30%
Episode featuring Stan LeeT.R.A.C.K.S.
29%
Carl Creel's supervillain nameAbsorbing Man
28%
Picture on Coulson's mugGrumpy Cat
27%
Location of the showdown in PilotUnion Station
27%
'Flowers'' actorRuth Negga
26%
Garret's actorBill Paxton
23%
Artificial superpower projectCentipede
21%
Blizzard's real nameDonnie Gill
20%
'The Well' is based straight after which film?Thor: The Dark World
19%
Mike Peterson's occupationFactory worker
18%
Jemma's hometownSheffield
15%
Metal-controlling InhumanJoey Gutierrez
12%
AOS composerBear McCreary
11%
Invention of Toshiro MoriSplinter bombs
10%
Supervillain who screamsDavid Angar
9%
Asgardian construction workerElliot Randolph
9%
SHIELD Agent killed offscreen by Frank CastleJasper Sitwell
9%
Cal's actorKyle MacLachlan
9%
Major Hydra head killed by Iron ManDoctor List
8%
British county where the Monolith was keptGloucestershire
6%
Coulson's partnerAudrey Nathan
4%
Name of the SHIELD aircraft carrier (On water)Iliad
4%
Nick Fury helps Coulson take over this facilityCybertech Industries
3%
Bearded 'real' SHIELD director killed with TerrigenAdam Cross
0%

Score Distribution

Percentile by Number Answered

Percent of People with Each Score

Your Score History

You have not taken this quiz since the last reset